| 000 | 00438pab a2200157 454500 | ||
|---|---|---|---|
| 008 | 180718b2005 xxu||||| |||| 00| 0 eng d | ||
| 100 | _aBanerjee, Debdas | ||
| 245 | _aTrend of factor incomes distribution in Indian factories | ||
| 260 | _c2005 | ||
| 300 | _ap.297-310. | ||
| 362 | _aApr-Jun | ||
| 650 | _aIncome distribution - India | ||
| 650 | _aIncome distribution | ||
| 773 | _aIndian Journal of Labour Economics | ||
| 909 | _a66827 | ||
| 999 |
_c66827 _d66827 |
||